00694nam a22002177a 450000500170000001000130001702000220003003500130005203700160006504000120008108200200009310000190011324500970013226000390022927000470026830000200031550000190033565000410035465000430039565000380043820170124105930.0 aA-709727 c00.00a8170362431 aA-709727 bCen Lib/Ret aDPLbEN a322.509547bKUK aKukreja, Veena aCivil-Military relations in South Asia :cby Veena KukrejabPakistan, Bangladesh and India / aNew DelhibSage Publicationsc1991 aM-32 Greater Kailash-IbNew Delhie110048 a306p.c21cm(Hb) aIncludes index aCivil-military relations -- Pakistan aCivil-military relations -- Bangladesh aCivil-military relations -- India